| 000 | 01263cam a2200349 i 4500 | ||
|---|---|---|---|
| 001 | 17422160 | ||
| 003 | OSt | ||
| 005 | 20230929114049.0 | ||
| 008 | 120808t20142014caua 001 0 eng | ||
| 010 | _a 2012946517 | ||
| 020 | _a9781133365433 (pbk.) | ||
| 020 | _a1133365434 (pbk.) | ||
| 040 |
_aDLC _beng _erda _cDLC _dDLC |
||
| 042 | _apcc | ||
| 050 | 0 | 0 |
_aQA152.3 _b.A85 2014 |
| 082 | 0 | 0 |
_a512.9 _bAUF/I |
| 100 | 1 |
_aAufmann, Richard N. _eauthor. _99595 |
|
| 245 | 1 | 0 |
_aIntroductory algebra : _ban applied approach./ _cRichard Aufmann, Joanne Lockwood |
| 250 |
_aEdition 9 / _bRichard N. Aufmann, Palomar College, Joanne S. Lockwood, Nashua Community College. |
||
| 264 | 1 |
_aBelmont, CA : _bBrooks/Cole, Cengage Learning, _c[2014] |
|
| 264 | 4 | _c©2014 | |
| 300 |
_a1 volume (various pagings) : _bcolor illustrations ; _c28 cm |
||
| 336 |
_atext _2rdacontent |
||
| 337 |
_aunmediated _2rdamedia |
||
| 338 |
_avolume _2rdacarrier |
||
| 500 | _aIncludes index. | ||
| 650 | 0 |
_aAlgebra _vTextbooks. |
|
| 700 | 1 |
_aLockwood, Joanne S., _eauthor. |
|
| 906 |
_a7 _bcbc _corignew _d2 _eepcn _f20 _gy-gencatlg |
||
| 942 |
_2ddc _cBK _h512.9 _iAUF/I _k512.9 _mAUF/I |
||
| 999 |
_c42301 _d42301 |
||